| 000 | 00703nam a2200193Ia 4500 | ||
|---|---|---|---|
| 003 | GCL | ||
| 008 | 140319s9999 xx 000 0 ara d | ||
| 040 |
_aGCL / _cGCL |
||
| 082 | 0 | 4 |
_a811.964 _bع ت |
| 100 | 1 | _aعبدالعزيز المقالح | |
| 245 | 1 | 0 |
_aتلاقى الاطراف قراءة اولى فى نمازج من الادب المغربى الكبير المغرب0 الجزائر0تونس / _cعبدالعزيز المقالح |
| 260 |
_a[S.N] : _bدار التنوير للطباعة والنشر ، _c1987 |
||
| 300 | _a288 ص | ||
| 490 | _a | ||
| 650 | 0 | 4 | _aالشعر العربى |
| 650 | 0 | 4 | _aالادب العربى |
| 650 | 0 | 4 | _aالشعر المغربى |
| 942 |
_2ddc _cBK |
||
| 999 |
_c33624 _d33624 |
||